Welcome to WEB OPAC of MRSPTU Central Library

Design of machine elements (Record no. 3289)

MARC details
000 -LEADER
fixed length control field 00393nam a2200157Ia 4500
008 - FIXED-LENGTH DATA ELEMENTS--GENERAL INFORMATION
fixed length control field 230711s9999||||xx |||||||||||||| ||und||
041 ## - LANGUAGE CODE
Language code of text/sound track or separate title ENG
082 ## - DEWEY DECIMAL CLASSIFICATION NUMBER
Classification number 621.092
Item number BH-M
100 ## - MAIN ENTRY--PERSONAL NAME
Personal name Bhandari,VB
245 #0 - TITLE STATEMENT
Title Design of machine elements
250 ## - EDITION STATEMENT
Edition statement 1st
260 ## - PUBLICATION, DISTRIBUTION, ETC.
Date of publication, distribution, etc. 1995
Place of publication, distribution, etc. New Delhi
Name of publisher, distributor, etc. Tata McGraw Hill Education Limited
300 ## - PHYSICAL DESCRIPTION
Extent 753
650 ## - SUBJECT ADDED ENTRY--TOPICAL TERM
Topical term or geographic name entry element Mechanical Engineering
942 ## - ADDED ENTRY ELEMENTS (KOHA)
Koha item type Book
Holdings
Withdrawn status Lost status Damaged status Not for loan Collection Home library Current library Date acquired Total checkouts Full call number Barcode Date last seen Price effective from Koha item type Source of acquisition Cost, normal purchase price Inventory number Date last checked out
          MRSPTU Central Library MRSPTU Central Library     621.092 BH-M 12069 08/17/2023 08/17/2023 Book        
          MRSPTU Central Library MRSPTU Central Library 08/08/2043   621.82 BH-D 39442 08/17/2023 08/17/2023 Book Krishna Book Distributors 675.00 KBD/2017-2018/1019243059  
          MRSPTU Central Library MRSPTU Central Library 08/08/2043   621.82 BH-D 39443 08/17/2023 08/17/2023 Book Krishna Book Distributors 675.00 KBD/2017-2018/1019243059  
          MRSPTU Central Library MRSPTU Central Library 08/08/2043 1 621.82 BH-D 39444 02/19/2024 08/17/2023 Book Krishna Book Distributors 675.00 KBD/2017-2018/1019243059 02/19/2024
          MRSPTU Central Library MRSPTU Central Library 08/08/2043   621.82 BH-D 39445 08/17/2023 08/17/2023 Book Krishna Book Distributors 675.00 KBD/2017-2018/1019243059  
          MRSPTU Central Library MRSPTU Central Library 08/08/2043   621.82 BH-D 39446 08/17/2023 08/17/2023 Book Krishna Book Distributors 675.00 KBD/2017-2018/1019243059  

Website Designed and Developed by MRSPTU Central Library Team

E-mail Id: librarian@mrsptu.ac.in